| 000 | 00894nam a2200181Ia 4500 | ||
|---|---|---|---|
| 008 | 100921s9999 xx 000 0 und d | ||
| 082 |
_b4122 _a891.466 थ 41 |
||
| 100 | _aकेळकर नरसिंह चिंतामणी.संपा केळकर काशिनाथ नरसिंह. | ||
| 245 | _aगतगोष्टी अर्थात माझी जीवन यात्रा. | ||
| 260 |
_bकेळकर काशिनाथ नरसिंह ,पुणे. _c1941 |
||
| 300 |
_a396 _b--- |
||
| 365 | _b1 | ||
| 520 | _aललित-मराठी पत्रे. | ||
| 630 | _aगतगोष्टी अर्थात माझी जीवन यात्रा. | ||
| 650 | _aललित-मराठी पत्रे. | ||
| 730 | _aगतगोष्टी अर्थात माझी जीवन यात्रा. | ||
| 942 | _cBOOK | ||
| 999 |
_c753235 _d753232 |
||